Integrazione e politiche di vicinato Nuovi diritti e nuove economie

Detalles Bibliográficos
Autor principal: Dammacco, Gaetano
Otros Autores: Sitek, B.
Formato: eBook
Lenguaje:italiano
Publicado: Bari : Cacucci Editore, 2012
Materias:
Acceso en línea:http://www.vlex.com/source/11206

MARC

LEADER 00000nam a22000007a 4500
005 20130429184049.0
007 cr|||| ||||
008 130429e2012 it |||||s|||| 00||0 ita d
020 |a 9788866111375 
035 |a 11206 
040 |a vLex 
090 |c 4221  |d 4221 
100 1 0 |a Dammacco, Gaetano  
245 1 0 |a Integrazione e politiche di vicinato  |b Nuovi diritti e nuove economie  |c / Gaetano Dammacco, B. Sitek   |h [Recurso electrn̤ico] 
256 |a Servicio en ln̕ea 
260 |a Bari :  |b Cacucci Editore,   |c 2012 
300 |a 1 Recurso electrn̤ico 
506 |d vLex Global  |d vLex Global (Academic Edition, excluding Law Schools)  |d vLex Global (U.S. Academic Edition, Law Schools)  |d vLex Global (U.S. Academic Edition, excluding Law Schools)  |d vLex Global (Academic Edition, Law Schools) 
650 0 4 |a Derecho administrativo  |z Italia 
650 0 4 |a Derecho eclesis̀tico del Estado  |z Italia 
650 0 4 |a Derecho de las religiones  |z Italia 
650 0 4 |a Sociologa̕  |z Italia 
700 1 0 |a Sitek, B. 
740 |a vLex Libros (Servicio en ln̕ea) 
856 |a Acceso restringido  |u http://www.vlex.com/source/11206 
942 |c BOOK 
999 0 |a Administrative law